| 000 | 00696nam a22002297a 4500 | ||
|---|---|---|---|
| 003 | OSt | ||
| 005 | 20151026134202.0 | ||
| 008 | 130514s2003 sp ||||| |||| 00| 0 spa d | ||
| 020 | _a8434412977 | ||
| 040 | _cCDMR | ||
| 245 | 0 | 0 |
_aManual de redacción ciberperiodística _cJavier Díaz Noci y Ramón Salaverría (coord.) |
| 260 |
_aBarcelona _bAriel _c2003 |
||
| 300 | _a589 p. | ||
| 490 | 0 | _aAriel Comunicación | |
| 650 | 0 | 4 |
_93188 _aPremsa digital _vManuals, guies, etc. |
| 650 | 0 | 4 |
_93137 _aWeb 2.0 |
| 650 | 0 | 4 |
_93138 _aInternet _xArt d'escriure |
| 650 | 0 | 4 |
_93772 _aPeriodisme--Manuals d'estil |
| 700 | 1 |
_93204 _aDíaz Noci, Javier |
|
| 700 | 1 |
_93427 _aSalaverría, Ramón |
|
| 942 |
_2udc _cMON |
||
| 999 |
_c6246 _d6246 |
||